<?xml version="1.0" encoding="UTF-8"?>
<record
    xmlns:xsi="http://www.w3.org/2001/XMLSchema-instance"
    xsi:schemaLocation="http://www.loc.gov/MARC21/slim http://www.loc.gov/standards/marcxml/schema/MARC21slim.xsd"
    xmlns="http://www.loc.gov/MARC21/slim">

  <leader>01300njm a22002657a 4500</leader>
  <controlfield tag="005">20100910165148.0</controlfield>
  <controlfield tag="007">sd ammalaaahaa</controlfield>
  <controlfield tag="008">100830t        xxu||||| |||| 00| 0 hin d</controlfield>
  <datafield tag="028" ind1=" " ind2=" ">
    <subfield code="a">BOE-9003</subfield>
    <subfield code="b">Gramophon co.</subfield>
  </datafield>
  <datafield tag="035" ind1=" " ind2=" ">
    <subfield code="a">GR-02070</subfield>
  </datafield>
  <datafield tag="040" ind1=" " ind2=" ">
    <subfield code="a">SED/VEN</subfield>
  </datafield>
  <datafield tag="100" ind1=" " ind2=" ">
    <subfield code="9">17458</subfield>
    <subfield code="a">Mohemed Rafi </subfield>
  </datafield>
  <datafield tag="245" ind1=" " ind2=" ">
    <subfield code="a">Nanak dukhia sab sansar /</subfield>
    <subfield code="h">[Sound recording] :</subfield>
    <subfield code="c">by Mohd Rafi &amp;Shamminder </subfield>
  </datafield>
  <datafield tag="246" ind1=" " ind2=" ">
    <subfield code="a"> Chota bhai/</subfield>
    <subfield code="b">&#xA28;&#xA3E;&#xA28;&#xA15;  &#xA26;&#xA41;&#xA16;&#xA3F;&#xA06;  &#xA38;&#xA2C;  &#xA38;&#xA70;&#xA38;&#xA3E;&#xA30; ( &#xA2E;&#xA4B;&#xA39;&#xA5C;  &#xA30;&#xA2B;&#xA40;  &amp;&#xA38;&#xA3C;&#xA3E;&#xA2E;&#xA4D;&#xA2E;&#xA3F;&#xA70;&#xA26;&#xA30; ) </subfield>
  </datafield>
  <datafield tag="260" ind1=" " ind2=" ">
    <subfield code="a">Dum Dum, India </subfield>
    <subfield code="b">Columbia</subfield>
  </datafield>
  <datafield tag="300" ind1=" " ind2=" ">
    <subfield code="a">1 Sound disc [Gramophone Record] :</subfield>
    <subfield code="b">analog, 45 1/3 rpm</subfield>
    <subfield code="c">7 in (LP)</subfield>
    <subfield code="f">Gramophone Records</subfield>
  </datafield>
  <datafield tag="500" ind1=" " ind2=" ">
    <subfield code="a">Brief record </subfield>
  </datafield>
  <datafield tag="500" ind1=" " ind2=" ">
    <subfield code="a">Odeon</subfield>
  </datafield>
  <datafield tag="500" ind1=" " ind2=" ">
    <subfield code="a">Black </subfield>
  </datafield>
  <datafield tag="500" ind1=" " ind2=" ">
    <subfield code="a">7 in</subfield>
  </datafield>
  <datafield tag="505" ind1=" " ind2=" ">
    <subfield code="a">&#xA2A;&#xA30;&#xA24;  &#xA67; &#xA38;&#xA3E;&#xA21;&#xA47;   &#xA16;&#xA47;&#xA24;&#xA3E;&#xA02;   &#xA35;&#xA3F;&#xA24;&#xA1A;  &#xA30;&#xA41;&#xA2C;  &#xA35;&#xA38;&#xA26;&#xA3E;   (&#xA28;&#xA3E;&#xA28;&#xA15;  &#xA26;&#xA41;&#xA16;&#xA3F;&#xA06;  &#xA38;&#xA2C;  &#xA38;&#xA70;&#xA38;&#xA3E;&#xA30;  )Part 1Sade khetan  witch rub wasda  (Nanak dukhia sab sansar )(Mohd Rafi ) (Prem Dawen )  &#xA2A;&#xA30;&#xA24;  &#xA68;  &#xA28;&#xA3E;&#xA28;&#xA15; &#xA26;&#xA41;&#xA16;&#xA3F;&#xA06;    &#xA38;&#xA2C;  &#xA38;&#xA70;&#xA38;&#xA3E;&#xA30;   (&#xA2E;&#xA39;&#xA47;&#xA28;&#xA4D;&#xA26;&#xA47;&#xA30;&#xA3E; Kapoor )Part 2 NanakDukhia sab sansar  (MahenderaKapoor)</subfield>
  </datafield>
  <datafield tag="650" ind1=" " ind2=" ">
    <subfield code="a">Punjabi music</subfield>
    <subfield code="9">1186</subfield>
    <subfield code="z">India</subfield>
    <subfield code="x">Excerpts</subfield>
    <subfield code="v">Filmi Song</subfield>
  </datafield>
  <datafield tag="700" ind1=" " ind2=" ">
    <subfield code="9">19239</subfield>
    <subfield code="a">Prem Dhawan</subfield>
  </datafield>
  <datafield tag="942" ind1=" " ind2=" ">
    <subfield code="2">ddc</subfield>
    <subfield code="c">GR</subfield>
  </datafield>
  <datafield tag="999" ind1=" " ind2=" ">
    <subfield code="c">45343</subfield>
    <subfield code="d">45343</subfield>
  </datafield>
</record>
